000 00682nam a2200265Ia 4500
005 20260121161409.0
008 008 260114s9999 xx 000 0 eng d
020 _a9780203124291
037 _aEBOOK
040 _aCRL
040 _beng
040 _cCRL
041 _2eng
041 _aeng
084 _qCRL
100 _aTheatre and Performance Design
_91044132
245 0 _aJane Collins; Andrew Nisbet
260 _bTaylor and Francis
260 _c2010
650 _aPerformance Theory - Practice and Practitioners
_91044133
856 _uhttp://www.taylorfrancis.com/books/9780203124291
942 _cEBOOK
999 _c1610473
_d1610473